La revolución burguesa en el mundo feudal /
Guardado en:
| Autor Principal: | |
|---|---|
| Formato: | Libro |
| Publicado: |
Buenos Aires :
Sudamericana,
1967
|
| Materias: | |
| Etiquetas: |
Agregar Etiqueta
Sin Etiquetas, Sea el primero en etiquetar este registro!
|
| LEADER | 00634nam a22001935a 4500 | ||
|---|---|---|---|
| 001 | CEM.cems005592 | ||
| 005 | 20060221000000.0 | ||
| 008 | 130507s1967##################000#0#####d | ||
| 003 | CEMS | ||
| 082 | 0 | 4 | |a 940.1 |
| 100 | 1 | |a Romero, José Luis | |
| 245 | 1 | 0 | |a La revolución burguesa en el mundo feudal / |
| 260 | |a Buenos Aires : |b Sudamericana, |c 1967 | ||
| 300 | |a 553 p. | ||
| 653 | |a Historia | ||
| 653 | |a Revolucion burguesa | ||
| 859 | |a CEMS |b BIB. CEMS - 11 de abril |h 940.1 |i R664-1 |p 5942.77 |t Ej.1 | ||
| 859 | |a CEMS |b BIB. CEMS - 11 de abril |h 940.1 |i R664-1 |p 5943.77 |t Ej.2 | ||
| 859 | |a CEMS |b BIB. CEMS - 11 de abril |h 940.1 |i R664-1 |p 5944.77 |t Ej.3 | ||
